<?xml version="1.0" encoding="UTF-8"?>
<record
    xmlns:xsi="http://www.w3.org/2001/XMLSchema-instance"
    xsi:schemaLocation="http://www.loc.gov/MARC21/slim http://www.loc.gov/standards/marcxml/schema/MARC21slim.xsd"
    xmlns="http://www.loc.gov/MARC21/slim">

  <leader>00672nam a22001937a 4500</leader>
  <controlfield tag="005">20240312111428.0</controlfield>
  <datafield tag="010" ind1=" " ind2=" ">
    <subfield code="a">ENG-139622</subfield>
  </datafield>
  <datafield tag="020" ind1=" " ind2=" ">
    <subfield code="a">978-81-87892-51-9</subfield>
    <subfield code="c">255.00</subfield>
  </datafield>
  <datafield tag="035" ind1=" " ind2=" ">
    <subfield code="a">EN-123154</subfield>
  </datafield>
  <datafield tag="037" ind1=" " ind2=" ">
    <subfield code="b">DBAD/PUB</subfield>
  </datafield>
  <datafield tag="082" ind1=" " ind2=" ">
    <subfield code="a">883</subfield>
    <subfield code="b">1</subfield>
    <subfield code="2">1</subfield>
  </datafield>
  <datafield tag="100" ind1=" " ind2=" ">
    <subfield code="a">Kambe, Tsutomu</subfield>
    <subfield code="9">63088</subfield>
  </datafield>
  <datafield tag="245" ind1=" " ind2=" ">
    <subfield code="a">Bodhidharma:</subfield>
    <subfield code="b">Mahayana Zen Buddhim( A Collection of stories from Chinese Literature)/</subfield>
    <subfield code="c">Tsutomu Kambe</subfield>
    <subfield code="h">English</subfield>
  </datafield>
  <datafield tag="260" ind1=" " ind2=" ">
    <subfield code="a">Chennai</subfield>
    <subfield code="b">Institute of Asian Studies</subfield>
    <subfield code="c">2012</subfield>
  </datafield>
  <datafield tag="270" ind1=" " ind2=" ">
    <subfield code="a">Chemmancherry,</subfield>
    <subfield code="b">Chennai</subfield>
    <subfield code="e">600119</subfield>
    <subfield code="l">91-44-24964831</subfield>
    <subfield code="m">ias@xlweb.com</subfield>
  </datafield>
  <datafield tag="300" ind1=" " ind2=" ">
    <subfield code="a">129p;</subfield>
    <subfield code="c">24CM(pbk)</subfield>
  </datafield>
  <datafield tag="700" ind1=" " ind2=" ">
    <subfield code="a">Edited by Samuel G. John</subfield>
    <subfield code="9">63021</subfield>
  </datafield>
  <datafield tag="942" ind1=" " ind2=" ">
    <subfield code="c">EN</subfield>
    <subfield code="h">883</subfield>
    <subfield code="2">ddc</subfield>
    <subfield code="m">KAM</subfield>
    <subfield code="e">1</subfield>
  </datafield>
  <datafield tag="999" ind1=" " ind2=" ">
    <subfield code="c">201348</subfield>
    <subfield code="d">201348</subfield>
  </datafield>
  <datafield tag="952" ind1=" " ind2=" ">
    <subfield code="0">0</subfield>
    <subfield code="1">0</subfield>
    <subfield code="4">0</subfield>
    <subfield code="7">0</subfield>
    <subfield code="8">NFIC</subfield>
    <subfield code="a">BN</subfield>
    <subfield code="b">BN</subfield>
    <subfield code="d">2024-03-11</subfield>
    <subfield code="e">DBAD</subfield>
    <subfield code="g">225.00</subfield>
    <subfield code="l">0</subfield>
    <subfield code="o">883 KAM</subfield>
    <subfield code="p">EN-123154</subfield>
    <subfield code="r">2024-03-11 00:00:00</subfield>
    <subfield code="t">1</subfield>
    <subfield code="v">225.00</subfield>
    <subfield code="w">2024-03-11</subfield>
    <subfield code="y">EN</subfield>
  </datafield>
</record>
